000 00802nam a22002537a 4500
999 _c33536
_d33536
001 2789
003 CO-MdFUSB
005 20180622073123.0
008 171127b xxu||||| |||| 00| 0 eng d
020 _a84-7228-409-3
040 _aCO-MdFUSB
_bspa
_cCO-MdFUSB
_dCO-MdFUSBC
_erda
041 0 _aspa
_heng
082 0 4 _aG 226.6 L3459i
100 1 _aLasor, William Sanford
_eautor
245 4 _aUna iglesia viva
_c/ William Sanford Lasor ; Gerge A. Lockward, Traductor
264 4 _aTerrassa, Bracelona, España :
_bCLIE,
_c©1978
300 _a429 Pag
336 _2rdacontent
_atexto
_btxt
337 _2rdamedia
_asin mediación
_bn
338 _2rdacarrier
_avolumen
_bnc
500 _aTítulo original : Church alive
653 _aBiblia N.T - Hechos de los apóstoles - Comentarios
942 _cBK